Most Streamed 60's Songs On Spotify - Statistics

General Stats
  • This quiz has been taken 75 times
  • The average score is 20 of 50
Answer Stats
Rank Artist Streams Song % Correct
5 Ben E. King 889,419,773 Stand By Me
76%
7 The Animals 840,921,060 House Of The Rising Sun
73%
13 The Mamas & The Papas 673,478,063 California Dreamin'
69%
18 The Rolling Stones 624,696,748 (I Can't Get No) Satisfaction
69%
24 Aretha Franklin 524,687,892 Respect
68%
6 Van Morrison 871,134,618 Brown Eyed Girl
66%
17 Neil Diamond 626,435,891 Sweet Caroline
66%
37 Sam Cooke 444,260,791 (What A) Wonderful World
66%
2 The Beatles 1,084,400,553 Here Comes The Sun
59%
19 Otis Redding 612,525,081 (Sittin' On) The Dock Of The Bay
58%
22 The Beatles 541,416,201 Yesterday
56%
8 The Jackson 5 801,246,999 I Want You Back
54%
49 The Monkees 388,372,950 I'm A Believer
52%
4 The Rolling Stones 975,781,288 Paint It, Black
52%
28 Simon & Garfunkel 506,964,802 The Sound Of Silence
52%
3 Creedence Clearwater Revival 1,077,817,737 Fortunate Son
51%
9 The Temptations 781,622,534 My Girl
51%
36 Roy Orbison 444,923,395 Oh, Pretty Woman
49%
30 Louis Armstrong 484,648,302 What A Wonderful World
48%
31 Steppenwolf 478,472,862 Born To Be Wild
46%
15 The Beatles 640,633,087 Come Together
45%
11 Elvis Presley 743,899,654 Can't Help Falling In Love
44%
43 The Turtles 409,777,308 Happy Together
42%
48 Frank Sinatra 390,812,655 My Way
42%
16 Jimi Hendrix 638,793,867 All Along The Watchtower
39%
12 Creedence Clearwater Revival 683,448,188 Bad Moon Rising
39%
27 Simon & Garfunkel 508,657,951 Mrs. Robinson
39%
26 The Rolling Stones 515,024,612 Sympathy For The Devil
39%
1 Marvin Gaye 1,100,505,210 Ain't No Mountain High Enough
38%
44 Elvis Presley 404,748,088 Suspicious Minds
35%
21 Led Zeppelin 547,994,305 Whole Lotta Love
34%
33 Dusty Springfield 460,005,319 Son Of A Preacher Man
31%
38 The Righteous Brothers 443,543,521 Unchained Melody
31%
45 The Beatles 396,286,166 Twist And Shout
30%
20 Frank Sinatra 563,462,154 Fly Me To The Moon (In Other Words)
28%
23 The Rolling Stones 528,586,526 Gimme Shelter
28%
40 Etta James 420,234,078 At Last
27%
10 Brenda Lee 774,744,126 Rockin' Around The Christmas Tree
27%
29 Buffalo Springfield 499,591,358 For What It's Worth
24%
35 Norman Greenbaum 447,668,317 Spirit In The Sky
21%
41 Frankie Valli & The Four Seasons 417,897,092 December, 1963 (Oh, What A Night)
18%
46 Nina Simone 391,835,462 Feeling Good
18%
32 The Beach Boys 477,118,953 Wouldn't It Be Nice
18%
50 The Beatles 377,741,479 Blackbird
14%
25 Aretha Franklin 521,783,778 I Say A Little Prayer
13%
42 The Supremes 410,681,973 You Can't Hurry Love
10%
47 Nat King Cole 391,112,715 The Christmas Song (Merry Christmas To You)
8%
39 The Four Tops 421,722,893 I Can't Help Myself (Sugar Pie, Honey Bunch)
7%
14 Andy Williams 665,428,260 It's The Most Wonderful Time Of The Year
7%
34 Dean Martin 448,106,933 Let It Snow! Let It Snow! Let It Snow!
4%
No matching quizzes found
Score Distribution
Percent of People with Each Score
Percentile by Number Answered
Your Score History
You have not taken this quiz